Normal view
MARC view
- Dr. Khalid Mahmood
Entry Personal Name
001 - CONTROL NUMBER
- control field: 16214
003 - CONTROL NUMBER IDENTIFIER
- control field: NUST
005 - DATE AND TIME OF LATEST TRANSACTION
- control field: 20190701113724.0
008 - FIXED-LENGTH DATA ELEMENTS
- fixed length control field: 190701|| aca||aabn | a|a d
040 ## - CATALOGING SOURCE
- Original cataloging agency: NUST
- Transcribing agency: NUST
100 ## - HEADING--PERSONAL NAME
- Personal name: Dr. Khalid Mahmood
670 ## - SOURCE DATA FOUND
- Source citation: Work cat.: (NUST): Ahmed, Shehryar Khan Niazi 16213, Investigation And Improvement of Anti-Corrosion Performance In Automobile Bodies /, 2016.
